Zodpovedné podnikanie voči zamestnancom v MSP
Motivácia k zodpovednému podnikaniu malých a stredných podnikov a princípy zodpovednosti voči svojim zamestnancom. Strategické plánovanie a kooperácia aktivít zodpovedného podnikania MSP. Sociálne a environmentálne záujmy podnikateľských aktivít MSP.
Gespeichert in:
| 1. Verfasser: | |
|---|---|
| Format: | Buchkapitel |
| Sprache: | Slowakisch |
| Schlagworte: | |
| Tags: |
Keine Tags, Fügen Sie das erste Tag hinzu!
|
MARC
| LEADER | 00000naa$a2200000$$$4500 | ||
|---|---|---|---|
| 001 | 0144527 | ||
| 005 | 20240502072606.9 | ||
| 041 | 0 | |a slo | |
| 044 | |a SK | ||
| 245 | 1 | 0 | |a Zodpovedné podnikanie voči zamestnancom v MSP |c Zuzana Tekelová |
| 520 | |a Motivácia k zodpovednému podnikaniu malých a stredných podnikov a princípy zodpovednosti voči svojim zamestnancom. Strategické plánovanie a kooperácia aktivít zodpovedného podnikania MSP. Sociálne a environmentálne záujmy podnikateľských aktivít MSP. | ||
| 610 | 2 | 0 | |a podnik malý |
| 610 | 2 | 0 | |a podnik stredný |
| 610 | 2 | 0 | |a stratégia podnikateľská |
| 610 | 2 | 0 | |a podnikatelia |
| 610 | 2 | 0 | |a podnikanie zodpovedné |
| 610 | 2 | 0 | |a zámery podnikateľské |
| 610 | 2 | 0 | |a zodpovednosť spoločenská |
| 610 | 2 | 0 | |a zamestnanci |
| 100 | 1 | |a Tekelová, Zuzana, 1987- | |